<The> Economics of Information Technology Networks and Innovation

Salvato in:
Dettagli Bibliografici
Autore principale: Mandeville, Thomas
Natura: Libro
Lingua:inglese
Pubblicazione: Queensland University 1991
Edizione:1. ed.
Serie:Discussion Paper No.64
Tags: Aggiungi Tag
Nessun Tag, puoi essere il primo ad aggiungerne!!

MARC

LEADER 00000nam a2200000 4500
001 c032606
005 20221214093443.2
041 0 |a eng 
044 |a AU 
245 1 0 |a <The> Economics of Information Technology Networks and Innovation  |c Thomas Mandeville 
250 |a 1. ed. 
264 1 |a Queensland  |b University  |c 1991 
300 |a 16 s. 
490 1 |a Discussion Paper  |v No.64 
830 0 |a Discussion Paper  |v No.64 
100 1 |a Mandeville, Thomas